<The> language of leaders how top CEOs communicate to inspire, influence and achieve results
Gespeichert in:
| 1. Verfasser: | |
|---|---|
| Format: | Buch |
| Sprache: | Englisch |
| Veröffentlicht: |
London
Kogan Page
2013
|
| Ausgabe: | 2nd ed. |
| Schlagworte: | |
| Tags: |
Keine Tags, Fügen Sie das erste Tag hinzu!
|
MARC
| LEADER | 00000nam a2200000 4500 | ||
|---|---|---|---|
| 001 | 0185440 | ||
| 005 | 20230109114625.5 | ||
| 020 | |a 978-0-7494-6812-5 | ||
| 041 | 0 | |a eng | |
| 044 | |a GB | ||
| 245 | 1 | 0 | |a <The> language of leaders |b how top CEOs communicate to inspire, influence and achieve results |c Kevin Murray |
| 250 | |a 2nd ed. | ||
| 264 | 1 | |a London |b Kogan Page |c 2013 | |
| 300 | |a 270 s. | ||
| 610 | 2 | 0 | |a vodcovstvo |
| 610 | 2 | 0 | |a pracovníci vedúci |
| 610 | 2 | 0 | |a riaditelia |
| 610 | 2 | 0 | |a manažéri |
| 610 | 2 | 0 | |a správanie |
| 610 | 2 | 0 | |a vplyvy na prácu |
| 610 | 2 | 0 | |a riadenie podnikové |
| 610 | 2 | 0 | |a komunikácia manažérska |
| 610 | 2 | 0 | |a ciele podnikové |
| 610 | 2 | 0 | |a sektor verejný |
| 100 | 1 | |a Murray, Kevin | |